00246nam a22001097a 4500003000400000008004100004082001500045100001600060245002400076260002800100300000800128OSt220521b ||||| |||| 00| 0 eng d a823.92 IGR aIger,Robert aRide of a life time aLondon bPenguin c2019 a246